|
|
|
|
| LEADER |
01155nam a2200313 a 4500 |
| 001 |
7036 |
| 003 |
BD-DhAAL |
| 008 |
150913s1993 nyua 0 0eng d |
| 020 |
|
|
|a 007822814x
|
| 020 |
|
|
|a 0078228158
|
| 020 |
|
|
|a 0078613469
|
| 020 |
|
|
|a 0078613507
|
| 040 |
|
|
|a UUS
|c UUS
|d OCL
|d BD-DhAAL
|
| 082 |
0 |
0 |
|a 420/.7/1
|2 21
|
| 245 |
0 |
0 |
|a Writer's choice :
|b grammar and composition.
|
| 246 |
|
|
|a Glencoe writer's choice :
|b grammar and composition
|
| 260 |
|
|
|a New York N.Y. :
|b Glencoe,
|c 2001.
|
| 300 |
|
|
|a xxvii, 847 pages :
|b illustrations ;
|c 26 cm.
|
| 500 |
1 |
|
|a Vocabulary and spelling practice.
|
| 541 |
1 |
|
|e 7036
|
| 650 |
|
0 |
|a English language
|x Study and teaching.
|9 12990
|
| 650 |
|
0 |
|a English language
|x Grammar
|x Study and teaching.
|9 14601
|
| 650 |
|
0 |
|a Language arts.
|9 14597
|
| 650 |
|
0 |
|a English language
|x Composition and exercises.
|9 14602
|
| 710 |
2 |
|
|a Glencoe Publishing Co.
|9 14603
|
| 852 |
|
|
|a Ayesha Abed Library
|
| 942 |
|
|
|2 ddc
|c BK
|
| 999 |
|
|
|c 35541
|d 35541
|
| 952 |
|
|
|0 0
|1 0
|2 ddc
|4 0
|6 420_000000000000000__7_1_WRI
|7 0
|9 55901
|a SCL
|b SCL
|c GEN
|d 2015-09-15
|e Gift: The Asia Foundation
|l 0
|o 420.71 WRI
|p 3020007036
|r 2015-09-15
|t 1
|w 2015-09-15
|y BK
|